000 00410cam a22001217a 4500
008 180718b1975 xxu||||| |||| 00| 0 eng d
082 _aA99 G1512d
100 _aGandhi, Indira
245 _aDemocracy and discipline: speeches of Shrimati Indira Gandhi
_cby Indira Gandh
260 _aDelhi
_bDirectorate of Advertising and Visual Publicity
_c1975
300 _a180p.
650 _aWar and emergency poweres - india
999 _c476691
_d476691